<?xml version="1.0" encoding="UTF-8"?>
<record
    xmlns:xsi="http://www.w3.org/2001/XMLSchema-instance"
    xsi:schemaLocation="http://www.loc.gov/MARC21/slim http://www.loc.gov/standards/marcxml/schema/MARC21slim.xsd"
    xmlns="http://www.loc.gov/MARC21/slim">

  <leader>02025cam a2200373 a 4500</leader>
  <controlfield tag="001">5307333</controlfield>
  <controlfield tag="003">OSt</controlfield>
  <controlfield tag="005">20211027161411.0</controlfield>
  <controlfield tag="008">041101s2005    njua     b    001 0 eng  </controlfield>
  <datafield tag="010" ind1=" " ind2=" ">
    <subfield code="a">  2004063209</subfield>
  </datafield>
  <datafield tag="020" ind1=" " ind2=" ">
    <subfield code="a">8129709759</subfield>
  </datafield>
  <datafield tag="035" ind1=" " ind2=" ">
    <subfield code="a">(OCoLC)ocm56924768</subfield>
  </datafield>
  <datafield tag="035" ind1=" " ind2=" ">
    <subfield code="a">(NNC)5307333</subfield>
  </datafield>
  <datafield tag="038" ind1=" " ind2=" ">
    <subfield code="a">khadija</subfield>
  </datafield>
  <datafield tag="040" ind1=" " ind2=" ">
    <subfield code="a">DLC</subfield>
    <subfield code="c">DLC</subfield>
    <subfield code="d">C#P</subfield>
    <subfield code="d">OrLoB-B</subfield>
  </datafield>
  <datafield tag="050" ind1="0" ind2="0">
    <subfield code="a">TK7888.4</subfield>
    <subfield code="b">.K36 2005</subfield>
  </datafield>
  <datafield tag="082" ind1="0" ind2="0">
    <subfield code="a">621.395</subfield>
    <subfield code="2">22</subfield>
    <subfield code="b">KAT</subfield>
  </datafield>
  <datafield tag="100" ind1="1" ind2=" ">
    <subfield code="a">Katz, Randy H.,</subfield>
    <subfield code="d">1955-</subfield>
    <subfield code="9">83512</subfield>
  </datafield>
  <datafield tag="245" ind1="1" ind2="0">
    <subfield code="a">Contemporary Logic Design /</subfield>
    <subfield code="c">Randy H. Katz, Gaetano Borriello.</subfield>
  </datafield>
  <datafield tag="250" ind1=" " ind2=" ">
    <subfield code="a">2nd ed.</subfield>
  </datafield>
  <datafield tag="260" ind1=" " ind2=" ">
    <subfield code="a">Upper Saddle River, N.J. :</subfield>
    <subfield code="b">Pearson Prentice Hall,</subfield>
    <subfield code="c">c2005.</subfield>
  </datafield>
  <datafield tag="300" ind1=" " ind2=" ">
    <subfield code="a">xviii, 590 p. :</subfield>
    <subfield code="b">ill. ;</subfield>
    <subfield code="c">25 cm.</subfield>
  </datafield>
  <datafield tag="504" ind1=" " ind2=" ">
    <subfield code="a">Includes bibliographical references and index.</subfield>
  </datafield>
  <datafield tag="505" ind1="0" ind2="0">
    <subfield code="g">Ch. 1.</subfield>
    <subfield code="t">Introduction -- </subfield>
    <subfield code="g">Ch. 2.</subfield>
    <subfield code="t">Combinational logic -- </subfield>
    <subfield code="g">Ch. 3.</subfield>
    <subfield code="t">Working with combinational logic -- </subfield>
    <subfield code="g">Ch. 4.</subfield>
    <subfield code="t">Combinational logic technologies -- </subfield>
    <subfield code="g">Ch. 5.</subfield>
    <subfield code="t">Case studies in combinational logic design -- </subfield>
    <subfield code="g">Ch. 6.</subfield>
    <subfield code="t">Sequential logic design -- </subfield>
    <subfield code="g">Ch. 7.</subfield>
    <subfield code="t">Finite state machines -- </subfield>
    <subfield code="g">Ch. 8.</subfield>
    <subfield code="t">Working with finite state machines -- </subfield>
    <subfield code="g">Ch. 9.</subfield>
    <subfield code="t">Sequential logic technologies -- </subfield>
    <subfield code="g">Ch. 10.</subfield>
    <subfield code="t">Case studies in sequential logic design -- </subfield>
    <subfield code="g">App. A.</subfield>
    <subfield code="t">Number systems -- </subfield>
    <subfield code="g">App. B.</subfield>
    <subfield code="t">Basic electronics -- </subfield>
    <subfield code="g">App. C.</subfield>
    <subfield code="t">Flip-flop types.</subfield>
  </datafield>
  <datafield tag="520" ind1="1" ind2=" ">
    <subfield code="a">"Although the complexity of designs is necessitating ever more powerful abstractions, the fundamentals remain unchanged. The contemporary digital designer must have a much broader understanding of the discipline of computation, including both hardware and software. This broader perspective is present in this second edition."--BOOK JACKET.</subfield>
  </datafield>
  <datafield tag="563" ind1=" " ind2=" ">
    <subfield code="a">PB</subfield>
  </datafield>
  <datafield tag="650" ind1=" " ind2="0">
    <subfield code="a">Electronic digital computers</subfield>
    <subfield code="x">Circuits</subfield>
    <subfield code="x">Design.</subfield>
    <subfield code="9">83513</subfield>
  </datafield>
  <datafield tag="650" ind1=" " ind2="0">
    <subfield code="a">Integrated circuits</subfield>
    <subfield code="x">Very large scale integration</subfield>
    <subfield code="x">Design</subfield>
    <subfield code="x">Data processing.</subfield>
    <subfield code="9">10557</subfield>
  </datafield>
  <datafield tag="650" ind1=" " ind2="0">
    <subfield code="a">Logic design</subfield>
    <subfield code="x">Data processing.</subfield>
    <subfield code="9">2936</subfield>
  </datafield>
  <datafield tag="650" ind1=" " ind2="0">
    <subfield code="a">Computer-aided design.</subfield>
    <subfield code="9">10558</subfield>
  </datafield>
  <datafield tag="700" ind1="1" ind2=" ">
    <subfield code="a">Borriello, Gaetano.</subfield>
    <subfield code="9">83514</subfield>
  </datafield>
  <datafield tag="900" ind1=" " ind2=" ">
    <subfield code="b">TOC</subfield>
  </datafield>
  <datafield tag="942" ind1=" " ind2=" ">
    <subfield code="2">ddc</subfield>
    <subfield code="c">BK</subfield>
  </datafield>
  <datafield tag="999" ind1=" " ind2=" ">
    <subfield code="c">31891</subfield>
    <subfield code="d">31891</subfield>
  </datafield>
  <datafield tag="952" ind1=" " ind2=" ">
    <subfield code="0">0</subfield>
    <subfield code="1">0</subfield>
    <subfield code="2">ddc</subfield>
    <subfield code="4">0</subfield>
    <subfield code="7">0</subfield>
    <subfield code="a">SMME</subfield>
    <subfield code="b">SMME</subfield>
    <subfield code="c">GEN</subfield>
    <subfield code="d">2015-07-07</subfield>
    <subfield code="o">621.395 KAT</subfield>
    <subfield code="p">SMME-438</subfield>
    <subfield code="r">2018-03-28</subfield>
    <subfield code="w">2015-07-07</subfield>
    <subfield code="y">BK</subfield>
  </datafield>
</record>
